Normal view MARC view
  • Morris, Wright,

Entry Personal Name

Number of records used in: 1

001 - CONTROL NUMBER

  • control field: 153908

003 - CONTROL NUMBER IDENTIFIER

  • control field: TR-AnTOB

005 - DATE AND TIME OF LATEST TRANSACTION

  • control field: 20260424112737.0

008 - FIXED-LENGTH DATA ELEMENTS

  • fixed length control field: 790801n| azannaabn |n aaa

010 ## - LIBRARY OF CONGRESS CONTROL NUMBER

  • LC control number: n 79063109

035 ## - SYSTEM CONTROL NUMBER

  • System control number: (OCoLC)oca00296060

040 ## - CATALOGING SOURCE

  • Original cataloging agency: DLC
  • Language of cataloging: eng
  • Description conventions: rda
  • Transcribing agency: DLC
  • Modifying agency: DLC
  • Modifying agency: OCoLC
  • Modifying agency: OClW
  • Modifying agency: UPB
  • Modifying agency: ScU
  • Modifying agency: OCoLC

046 ## - SPECIAL CODED DATES

  • Birth date: 1910-01-06
  • Death date: 1998-04-25
  • Source of date scheme: edtf

053 #0 - LC CLASSIFICATION NUMBER

  • Classification number element--single number or beginning number of span: PS3525.O7475

100 1# - HEADING--PERSONAL NAME

  • Personal name: Morris, Wright,
  • Dates associated with a name: 1910-1998

370 ## - ASSOCIATED PLACE

  • Place of birth: Central City (Neb.)
  • Source of term: naf

374 ## - OCCUPATION

  • Occupation: Authors
  • Occupation: Novelists
  • Occupation: Photographers
  • Occupation: Essayists
  • Occupation: Critics
  • Source of term: lcsh

377 ## - ASSOCIATED LANGUAGE

  • Language code: eng

670 ## - SOURCE DATA FOUND

  • Source citation: His My uncle Dudley, 1942.

670 ## - SOURCE DATA FOUND

  • Source citation: Marquis who's who on the Web, Oct. 1, 2008
  • Information found: (Wright Morris, novelist, critic; b. Central City, Neb., Jan. 6, 1910; d. May 1998)

670 ## - SOURCE DATA FOUND

  • Source citation: Wikipedia, 26 March 2012
  • Information found: (Wright Marlon Morris, born 6 January 1910, Central City, Nebraska ; died 25 April 1998 ; American novelist, photographer, essayist)
Devinim Yazılım Eğitim Danışmanlık tarafından Koha'nın orjinal sürümü uyarlanarak geliştirilip kurulmuştur.